| 000 | 00370nam a2200145Ia 4500 | ||
|---|---|---|---|
| 008 | 220216s9999 xx 000 0 und d | ||
| 100 | _aBukhina M F | ||
| 245 | 0 | _aMould fouling of EPDM rubber compounds | |
| 260 |
_bKautschuk Gummi Kunststoffe _c2003 |
||
| 300 | _a172-183 | ||
| 650 | _aEPDM rubber | ||
| 650 | _aMould fouling | ||
| 700 | _aMorozov Y L | ||
| 942 | _cJS | ||
| 999 |
_c63301 _d63301 |
||